Countries by Letter - "C" France - Statistics

General Stats
  • This quiz has been taken 18 times
  • The average score is 11 of 15
Answer Stats
Hint Answer % Correct
A sparkling beverage from the wine region of the same name Champagne
100%
City on the French Riviera known for its film festival Cannes
94%
A port city, the closest to England Calais
89%
Stinky, soft cheese similar to Brie Camembert
89%
Famous fashion designer and Nazi sympathizer? Coco Chanel
89%
Island in the Mediterranean Sea, birth place of Napoleon Corsica
89%
Polish-French physicist and the first woman to win a Nobel Prize Marie Curie
89%
Southeast Asian country colonized by France Cambodia
83%
The capital of French Guiana Cayenne
78%
Author of "The Stranger" and "The Myth of Sisyphus" Albert Camus
67%
An adventure novel by Alexander Dumas The Count of Monte Cristo
67%
The Gauls of ancient France belonged to this broader people group Celts
56%
A flaky pastry made famous in France (though it originated in Austria) Croissant
56%
Conqueror of the above Julius Caesar
56%
Impressionist painter of water lilies Claude Monet
33%
No matching quizzes found
Score Distribution
Percent of People with Each Score
Percentile by Number Answered
Your Score History
You have not taken this quiz